000 00323nam a2200133Ia 4500
005 20251222141910.0
008 251222s9999||||xx |||||||||||||| ||spa||
020 _a978-9972-05-074-9
082 _a276.8/C76C
245 0 _aConcilio Vaticano II:
250 _a5a.ed.
264 _bConferencia Episcopal Peruana
942 _cLIB
999 _c8361
_d8361